[Event "Ulan-Ude Buryatia-ch"]
[Site "Ulan-Ude"]
[Date "2013.08.25"]
[Round "5"]
[White "Alexeev, Bayskhalan"]
[Black "Zhuk, Valeriy"]
[Result "1/2-1/2"]
[WhiteElo "1965"]
[BlackElo "2020"]
[PlyCount "85"]
[EventDate "2013.08.22"]
[EventType "swiss"]
[EventRounds "9"]
[EventCountry "RUS"]
[SourceTitle "CBM 156 Extra"]
[Source "ChessBase"]
[SourceDate "2013.10.22"]
[SourceVersion "1"]
[SourceVersionDate "2013.10.22"]
[SourceQuality "1"]

1. c4 c5 2. Nc3 Nc6 3. g3 g6 4. Bg2 Bg7 5. e3 e6 6. Nge2 Nge7 7. 0-0 0-0 8. d4 cxd4 9. exd4 Nf5 10. d5 Ne5 11. b3 h5 12. Bb2 h4 13. Na4 hxg3 14. hxg3 Rb8 15. Nd4 a6 16. f4 Ne3 17. Qe2 N5g4 18. Rfc1 exd5 19. Nc2 Re8 20. Bxg7 Kxg7 21. Nxe3 Nxe3 22. Qb2+ f6 23. cxd5 b5 24. Nc3 Bb7 25. Re1 Ng4 26. Ne2 Qb6+ 27. Qd4 Qxd4+ 28. Nxd4 Ne3 29. Bh3 f5 30. Kf2 Nxd5 31. Rxe8 Rxe8 32. Bg2 Ba8 33. Bxd5 Bxd5 34. Rd1 Be4 35. Rc1 Rh8 36. Rc7 Rh2+ 37. Ke3 Rxa2 38. Rxd7+ Kf8 39. Ra7 b4 40. Ne6+ Ke8 41. Nc5 Bd5 42. Rxa6 Rxa6 43. Nxa6 1/2-1/2

[Event "Buryatia-ch"]
[Site "Ulan-Ude"]
[Date "2013.01.05"]
[Round "5"]
[White "Baglaev, Evgeniy"]
[Black "Alexeev, Bayskhalan"]
[Result "1-0"]
[WhiteElo "2090"]
[BlackElo "1917"]
[PlyCount "109"]
[EventDate "2013.01.02"]
[EventType "swiss"]
[EventRounds "9"]
[EventCountry "RUS"]
[SourceTitle "CBM 152 Extra"]
[Source "ChessBase"]
[SourceDate "2013.02.25"]
[SourceVersion "1"]
[SourceVersionDate "2013.02.25"]
[SourceQuality "1"]

1. d4 Nf6 2. c4 g6 3. Nc3 Bg7 4. e4 d6 5. Be2 0-0 6. Bg5 c5 7. d5 Qa5 8. Bd2 a6 9. Nf3 Qc7 10. 0-0 e6 11. h3 exd5 12. exd5 Re8 13. Bd3 Nfd7 14. Qc2 Ne5 15. Nxe5 Bxe5 16. Rae1 Bd7 17. Bg5 Kg7 18. Qd2 b5 19. Rxe5 dxe5 20. Ne4 f5 21. Bf6+ Kg8 22. Qh6 Bc8 23. Nd6 Rf8 24. Bxe5 Qe7 25. f4 Nd7 26. Re1 Nxe5 27. fxe5 b4 28. h4 Rd8 29. Kf1 Ra7 30. Qf4 Kg7 31. Re3 Rad7 32. b3 Rxd6 33. exd6 Qxd6 34. Qxd6 Rxd6 35. Re7+ Kf6 36. Rc7 Bd7 37. Rxc5 Ke5 38. Rc7 Kd4 39. Be2 f4 40. Bf3 Bf5 41. c5 Rd8 42. c6 Ke5 43. Rxh7 g5 44. Rg7 gxh4 45. Rg5 Kf6 46. Rxf5+ Kxf5 47. c7 Rh8 48. d6 Ke6 49. Bg4+ Kxd6 50. c8Q Rxc8 51. Bxc8 a5 52. Kf2 Kc5 53. Kf3 Kd4 54. Kxf4 Kc3 55. Bd7 1-0

[Event "Ulan-Ude op"]
[Site "Ulan-Ude"]
[Date "2012.07.29"]
[Round "9"]
[White "Shagdurov, Denis"]
[Black "Alexeev, Bayskhalan"]
[Result "1/2-1/2"]
[WhiteElo "1880"]
[BlackElo "1944"]
[PlyCount "66"]
[EventDate "2012.07.24"]
[EventType "swiss"]
[EventRounds "9"]
[EventCountry "RUS"]
[SourceTitle "EXT 2013"]
[Source "ChessBase"]
[SourceDate "2012.11.22"]
[SourceVersion "1"]
[SourceVersionDate "2012.11.22"]
[SourceQuality "1"]

1. e4 c5 2. Nf3 d6 3. d4 cxd4 4. Nxd4 Nf6 5. Nc3 a6 6. Bg5 e6 7. f4 b5 8. Qf3 Bb7 9. Bxf6 gxf6 10. 0-0-0 b4 11. Nce2 Qa5 12. Kb1 Nd7 13. f5 exf5 14. Nxf5 Ne5 15. Qe3 0-0-0 16. Nf4 d5 17. Nxd5 Bxd5 18. Rxd5 Rxd5 19. exd5 Bc5 20. Qd2 Rd8 21. Be2 Bd6 22. Rd1 Qb6 23. Qd4 Kb7 24. Qh4 Bf8 25. Qe4 Ka7 26. Bf3 Bd6 27. Nd4 Bc5 28. Nf5 Bd6 29. Be2 Qc5 30. Qd4 Kb6 31. Qe4 a5 32. Nd4 a4 33. Nf5 Rb8 1/2-1/2

[Event "Ulan-Ude op"]
[Site "Ulan-Ude"]
[Date "2012.07.26"]
[Round "4"]
[White "Alexeev, Bayskhalan"]
[Black "Khatnikov, Alexander"]
[Result "0-1"]
[WhiteElo "1944"]
[BlackElo "2035"]
[PlyCount "72"]
[EventDate "2012.07.24"]
[EventType "swiss"]
[EventRounds "9"]
[EventCountry "RUS"]
[SourceTitle "EXT 2013"]
[Source "ChessBase"]
[SourceDate "2012.11.22"]
[SourceVersion "1"]
[SourceVersionDate "2012.11.22"]
[SourceQuality "1"]

1. d4 Nf6 2. c4 g6 3. Nc3 Bg7 4. e4 d6 5. Nf3 0-0 6. Be2 e5 7. 0-0 Nc6 8. d5 Ne7 9. b4 a5 10. Ba3 b6 11. bxa5 Rxa5 12. Bb4 Ra8 13. a4 Ne8 14. a5 c5 15. dxc6 Nxc6 16. Qd5 Bb7 17. a6 Nxb4 18. axb7 Rxa1 19. Rxa1 Nxd5 20. Ra8 Nef6 21. Rxd8 Rxd8 22. cxd5 Rb8 23. Ba6 Nd7 24. Nd2 Nc5 25. Be2 Nxb7 26. Nc4 Rc8 27. Nb5 Bf8 28. f3 Rc5 29. Nxb6 Na5 30. Na7 Rc2 31. Bd3 Rc3 32. Bb5 Bh6 33. Kf1 Be3 34. Nbc8 Rc7 35. Nc6 Nxc6 36. Nxd6 Nd4 0-1

[Event "Ulan-Ude op"]
[Site "Ulan-Ude"]
[Date "2012.07.25"]
[Round "2"]
[White "Alexeev, Bayskhalan"]
[Black "Snetkov, Ivan"]
[Result "1-0"]
[WhiteElo "1944"]
[BlackElo "1798"]
[PlyCount "35"]
[EventDate "2012.07.24"]
[EventType "swiss"]
[EventRounds "9"]
[EventCountry "RUS"]
[SourceTitle "EXT 2013"]
[Source "ChessBase"]
[SourceDate "2012.11.22"]
[SourceVersion "1"]
[SourceVersionDate "2012.11.22"]
[SourceQuality "1"]

1. d4 d5 2. c4 c6 3. Nf3 Nf6 4. Nc3 Bf5 5. cxd5 cxd5 6. Qb3 b6 7. Bf4 e6 8. Nb5 Nc6 9. Nc7+ Kd7 10. Nxa8 Bb4+ 11. Bd2 Bxd2+ 12. Nxd2 Nxd4 13. Qa4+ Nc6 14. Nf3 Qxa8 15. Rc1 Kd6 16. Qa3+ Kd7 17. e3 Be4 18. Bb5 1-0

[Event "Ulan-Ude VIII festival Baikal"]
[Site "Ulan-Ude"]
[Date "2012.06.29"]
[Round "7.10"]
[White "Baldarov, Aur"]
[Black "Alexeev, Bayskhalan"]
[Result "0-1"]
[WhiteElo "1881"]
[BlackElo "1944"]
[PlyCount "104"]
[EventDate "2012.06.26"]
[EventType "swiss"]
[EventRounds "9"]
[EventCountry "RUS"]
[SourceTitle "EXT 2022"]
[Source "ChessBase"]
[SourceDate "2021.10.06"]
[SourceVersion "1"]
[SourceVersionDate "2021.10.06"]
[SourceQuality "1"]

1. Nf3 Nf6 2. c4 c5 3. Nc3 Nc6 4. d4 cxd4 5. Nxd4 g6 6. e4 d6 7. Be2 Bg7 8. Be3 0-0 9. f3 Bd7 10. Qd2 Rc8 11. g4 Ne5 12. b3 Qa5 13. h4 a6 14. g5 Nh5 15. Nd5 Qxd2+ 16. Kxd2 Rfe8 17. Nb6 Rcd8 18. Rhg1 Nc6 19. Nxc6 Bxc6 20. Rad1 e6 21. Kc2 d5 22. exd5 exd5 23. Rd3 d4 24. Rgd1 Rb8 25. Bxd4 Rxe2+ 26. R1d2 Rxd2+ 27. Rxd2 Bxf3 28. Bxg7 Kxg7 29. Rf2 Be4+ 30. Kc3 Rd8 31. Kb4 Ng3 32. Rf4 Bc6 33. Rg4 Nf5 34. Kc5 h6 35. Nd5 Bxd5 36. cxd5 hxg5 37. hxg5 Rd6 38. Rf4 b6+ 39. Kc4 Ne3+ 40. Kd4 Nxd5 41. Ke5 Nxf4 42. Kxd6 Nd3 43. Kc6 Nb4+ 44. Kxb6 Nxa2 45. Kxa6 f5 46. gxf6+ Kxf6 47. Kb5 g5 48. Kc4 Kf5 49. Kd3 Kf4 50. Ke2 Kg3 51. Kf1 Kh2 52. b4 Nxb4 0-1

[Event "Ulan-Ude VIII festival Baikal"]
[Site "Ulan-Ude"]
[Date "2012.06.28"]
[Round "4.8"]
[White "Alexeev, Bayskhalan"]
[Black "Malanova, Aryuna"]
[Result "0-1"]
[WhiteElo "1944"]
[BlackElo "1793"]
[PlyCount "48"]
[EventDate "2012.06.26"]
[EventType "swiss"]
[EventRounds "9"]
[EventCountry "RUS"]
[SourceTitle "EXT 2022"]
[Source "ChessBase"]
[SourceDate "2021.10.06"]
[SourceVersion "1"]
[SourceVersionDate "2021.10.06"]
[SourceQuality "1"]

1. d4 d5 2. c4 c6 3. Nf3 Nf6 4. e3 e6 5. Nc3 Bd6 6. Qc2 0-0 7. b3 Nbd7 8. Bd3 e5 9. dxe5 Nxe5 10. Nxe5 Bxe5 11. f4 Bc7 12. 0-0 d4 13. Ne4 Ng4 14. Ng5 h6 15. Bh7+ Kh8 16. Nf3 f5 17. Bg6 Qf6 18. Bh5 Nxe3 19. Bxe3 dxe3 20. Ne5 Bxe5 21. fxe5 Qxe5 22. g3 f4 23. Qe2 Bh3 24. Rxf4 Qxa1+ 0-1